000 01771nam0a2200337 4500
001 RU\NLR\bibl\1523043
005 20260405121545.0
021 _aRU
_b2010-34479
_92310
035 _a(nilc)RSL-KNO-004642759
035 _a(NLR Aleph) 001514396
090 _a100822
_c100822
100 _a20100513d2009 |||y0rusy50 ca
101 0 _arus
102 _aRU
105 _ay zzzz|||||
200 1 _aИстория философии науки: герметизм и гностицизм
_eлекция
_fН. И. Сидоренко
_gФедеральное агентство по образованию, Гос. образовательное учреждение высш. проф. образования "Российская экономическая акад. им. Г. В. Плеханова" (ГОУ ВПО "РЭА им. Г. В. Плеханова")
210 _aМосква
_cГОУ ВПО "РЭА"
_d2009
215 _a55 с.
_d21
320 _aБиблиогр.: с. 54-55 и в подстроч. прим.
606 1 _aФилософия науки
_jУчебные издания для высших учебных заведений
_xИстория
_92167900
_3RU\NLR\AUTH\6601540989
610 0 _aФилософские науки -- Философия и методология науки -- Лекции для высшей школы
686 _aЮ25я73-2
_2rubbk
686 _aЮ25г.я73
700 1 _4070
_8rus
_7ca
_aСидоренко
_bН. И.
_cд-р филос. наук
_gНиколай Иванович
_3RU\NLR\auth\7747558
_930493
801 0 _aRU
_bРГБ
_c20100513
_grcr
801 1 _aRU
_bРГБ
_c20100513
801 2 _aRU
_bNLR
_c20100613
_grcr
942 _cBOOK
980 _aNB